Nursing Diagnoses and Process in Psychiatric Mental Health Nursing / (Record no. 14971)
[ view plain ]
| 000 -LEADER | |
|---|---|
| fixed length control field | 01435pam a2200373 a 4500 |
| 001 - CONTROL NUMBER | |
| control field | 2016644 |
| 005 - DATE AND TIME OF LATEST TRANSACTION | |
| control field | 19911205080127.5 |
| 008 - FIXED-LENGTH DATA ELEMENTS--GENERAL INFORMATION | |
| fixed length control field | 911121s1992 pau b 001 0 eng c |
| 010 ## - LIBRARY OF CONGRESS CONTROL NUMBER | |
| LC control number | 91044529 |
| 020 ## - INTERNATIONAL STANDARD BOOK NUMBER | |
| International Standard Book Number | 0397547587 |
| 020 ## - INTERNATIONAL STANDARD BOOK NUMBER | |
| International Standard Book Number | 9780397547586 |
| 040 ## - CATALOGING SOURCE | |
| Original cataloging agency | DNLM/DLC |
| Transcribing agency | DLC |
| Modifying agency | DLC |
| 050 10 - LIBRARY OF CONGRESS CALL NUMBER | |
| Classification number | RC440 |
| Item number | .M32 1992 |
| 060 ## - NATIONAL LIBRARY OF MEDICINE CALL NUMBER | |
| Classification number | WY 18 M4777n |
| 082 00 - DEWEY DECIMAL CLASSIFICATION NUMBER | |
| Classification number | 616.89075 |
| Edition number | 22 |
| Item number | MCF |
| 100 1# - MAIN ENTRY--PERSONAL NAME | |
| Personal name | McFarland, Gertrude K., |
| Dates associated with a name | 1941- |
| 9 (RLIN) | 22379 |
| 245 10 - TITLE STATEMENT | |
| Title | Nursing Diagnoses and Process in Psychiatric Mental Health Nursing / |
| Statement of responsibility, etc | Gertrude K. McFarland, Evelyn L. Wasli, Elizabeth Kelchner Gerety. |
| 250 ## - EDITION STATEMENT | |
| Edition statement | 2nd ed. |
| 260 ## - PUBLICATION, DISTRIBUTION, ETC. (IMPRINT) | |
| Place of publication, distribution, etc | Philadelphia : |
| Name of publisher, distributor, etc | J.B. Lippincott, 1992 |
| Date of publication, distribution, etc | c1992. |
| 300 ## - PHYSICAL DESCRIPTION | |
| Extent | xiii, 321 p. ; |
| Dimensions | 22 cm. |
| 504 ## - BIBLIOGRAPHY, ETC. NOTE | |
| Bibliography, etc | Includes bibliographical references and index. |
| 541 ## - IMMEDIATE SOURCE OF ACQUISITION NOTE | |
| Source of acquisition | Dr. Shahrazad P; |
| 650 #0 - SUBJECT ADDED ENTRY--TOPICAL TERM | |
| Topical term or geographic name as entry element | Psychiatric nursing. |
| 9 (RLIN) | 22380 |
| 650 #0 - SUBJECT ADDED ENTRY--TOPICAL TERM | |
| Topical term or geographic name as entry element | Mental illness |
| General subdivision | Diagnosis. |
| 9 (RLIN) | 22381 |
| 650 #2 - SUBJECT ADDED ENTRY--TOPICAL TERM | |
| Topical term or geographic name as entry element | Mental Disorders |
| General subdivision | diagnosis |
| -- | outlines. |
| 9 (RLIN) | 22382 |
| 650 #2 - SUBJECT ADDED ENTRY--TOPICAL TERM | |
| Topical term or geographic name as entry element | Nursing Assessment |
| General subdivision | outlines. |
| 9 (RLIN) | 22383 |
| 650 #2 - SUBJECT ADDED ENTRY--TOPICAL TERM | |
| Topical term or geographic name as entry element | Nursing Process |
| General subdivision | outlines |
| 9 (RLIN) | 22384 |
| 650 #2 - SUBJECT ADDED ENTRY--TOPICAL TERM | |
| Topical term or geographic name as entry element | Psychiatric Nursing |
| General subdivision | outlines. |
| 9 (RLIN) | 22385 |
| 700 1# - ADDED ENTRY--PERSONAL NAME | |
| Personal name | Wasli, Evelyn L. |
| 9 (RLIN) | 22386 |
| 700 1# - ADDED ENTRY--PERSONAL NAME | |
| Personal name | Gerety, Elizabeth Kelchner. |
| 9 (RLIN) | 22387 |
| 942 ## - ADDED ENTRY ELEMENTS (KOHA) | |
| Source of classification or shelving scheme | Dewey Decimal Classification |
| Item type | |
| Withdrawn status | Item status | Source of classification or shelving scheme | Damaged status | Not for loan | Vendor | Home library | Current library | Shelving location | Date acquired | Source of acquisition | Total Checkouts | Total Renewals | Full call number | Barcode | Date last seen | Date last borrowed | Koha item type |
|---|---|---|---|---|---|---|---|---|---|---|---|---|---|---|---|---|---|
| Dewey Decimal Classification | Central Library | Central Library | First floor | 03/03/2011 | Donation | 1 | 10 | 616.89075 MCF | 000022819 | 15/07/2025 | 07/12/2016 | Book - Borrowing |